000 003980000a22001690004500
003 LK-CoMWRAF
008 230817t ||||| |||| 00| 0 eng d
040 _aLK-CoMWRAF
_dLK-CoMWRAF
_eLK-CoMWRAF
041 _aeng
082 _a460
_bIRA
100 _aIrathakrishnan, K.S
245 _aManitha urimaikal enral enna?
_b
260 _b
_a
_c
300 _ap.32
650 _alaw general
942 _cBK
999 _c2853
_d2853